01283nam a22002177a 450000500170000000800410001702000180005804000070007604100120008308200170009510000310011224500310014326000400017430000260021436500560024052005580029665000280085494200120088299900190089495201520091320260127162851.0260127b |||||||| |||| 00| 0 eng d a9780143475927 cAL aEnglish a820.33bSHAC aShrijeet Shandilya9252855 aCan we be Strangers again? aHaryanabPenguin Random Housec2025 a224 p.bPBc20x13 cm. aBLR8-8258085b₹196.70c₹d₹207.00f15-01-2026 aIn the electric haze of college life, three friends are bound by laughter, late-night talks and unspoken promises. But when two of them cross the line from friendship into love, everything changes. Betrayal shatters their world, leaving one friend to pick up the pieces while navigating her own complicated feelings. As friendships fracture and love grows tangled, hearts are broken, and choices become irreversible. Caught between the ache of lost friendship and the bittersweet pull of love, Dev must decide if he’s willing to risk everything?again. aEnglish Fiction9252804 2ddccBK c240823d240823 00102ddc40708MANaALbALcSKd2026-01-21eamazon.ing196.70l4m1o820.33 SHACp078058r2026-03-21 08:44:40s2026-03-18v207.00w2026-01-15yBK